| 000 | 01813nam a22002417a 4500 | ||
|---|---|---|---|
| 999 |
_c59786 _d59786 |
||
| 003 | Ge_BSU | ||
| 005 | 20230418141328.0 | ||
| 008 | 230418s2000 ge ||||| |||| 00| 0 geo d | ||
| 020 | _a9992882905 | ||
| 041 | _ageo | ||
| 080 | _a726(479.22) ყ-56 | ||
| 100 |
_aყიფიანი, გურამ _913514 |
||
| 245 |
_aკოლხეთისა და იბერიის წარმართული ტაძრები და ქართული ქრისტიანული ხუროთმოძღვრების წარმოშობის საკითხები / _c[რედ.: ნ. ნადარაია] ; საქ. მეცნ. აკად. არქეოლ. კვლევის ცენტრი, მცხეთის არქეოლ. ინ-ტი, საქ. ხელოვნების სახ. მუზეუმი. |
||
| 264 |
_aთბილისი : _bსაქ. ხელოვნების სახ. მუზეუმი, _c2000. |
||
| 300 |
_a127, XCIXგვ. : _bტაბ. ; _c29 სმ. |
||
| 500 | _aშენიშვნ. თავების ბოლოს. | ||
| 653 | _aწარმართული ტაძრები საქართველოში | ||
| 653 | _aქართული საეკლესიო არქიტექტურა. | ||
| 653 | _aსაკულტო ძეგლები საქართველოში. | ||
| 700 |
_aნადარაია, ნ. _eრედაქტორი _91196 |
||
| 710 |
_aსაქ. მეცნ. აკად. არქეოლ. კვლევის ცენტრი, მცხეთის არქეოლ. _bინ-ტი, საქ. ხელოვნების სახ. მუზეუმი. _917661 |
||
| 942 |
_2udc _cBK |
||